Gaming Quiz

Random Gaming or Clickable Quiz

Click the Real Pokémon Quiz Stats

 Plays Quiz Updated Nov 12, 2015

Score 0/20 Timer 03:00
2 Plays Today
% Correct
Gyarados
88.6%
Cubone
88%
Leafeon
86%
Absol
83.6%
Xatu
83.2%
Croconaw
81.2%
Pupitar
81.1%
Qwilfish
79.2%
Ninjask
79.2%
Shuckle
78.9%
% Correct
Skiploom
77.5%
Yanmega
76.5%
Remoraid
76.4%
Kecleon
73.2%
Swoobat
72.6%
Bibarel
70.2%
Keldeo
67.8%
Frillish
67.5%
Ducklett
67.2%
Karrablast
62%

You're not logged in!

Compare scores with friends on all Sporcle quizzes.
OR
Log In

Sporcle TV

Today on Sporcle TV


Watch our educational content, quiz creation guides, and fun videos on Sporcle TV.

Show Comments

Extras

Top Quizzes Today


Score Distribution

Your Account Isn't Verified!

In order to create a playlist on Sporcle, you need to verify the email address you used during registration. Go to your Sporcle Settings to finish the process.

Report this User

Report this user for behavior that violates our Community Guidelines.

Details: